Fr. Conceicao Rodrigues College of Engineering

Electrical Measurements (Record no. 20446)

MARC details
000 -LEADER
fixed length control field 00307nam a2200133Ia 4500
100 ## - MAIN ENTRY--PERSONAL NAME
Personal name Reissland martin U
245 ## - TITLE STATEMENT
Title Electrical Measurements
260 ## - PUBLICATION, DISTRIBUTION, ETC.
Name of publisher, distributor, etc. WILEY EASTERN LIMITED
Place of publication, distribution, etc. New Delhi
Date of publication, distribution, etc. 1992
300 ## - PHYSICAL DESCRIPTION
Extent 340
546 ## - LANGUAGE NOTE
Language note ENGLISH
654 ## - SUBJECT ADDED ENTRY--FACETED TOPICAL TERMS
Focus term Electrical measurements
942 ## - ADDED ENTRY ELEMENTS (KOHA)
Koha item type BOOK
Holdings
Withdrawn status Lost status Damaged status Not for loan Collection Home library Current library Date acquired Source of acquisition Cost, normal purchase price Inventory number Total Checkouts Full call number Barcode Date last seen Cost, replacement price Price effective from Koha item type
        CRC Fr. Agnel's C.Rodrigues College of Engineering Fr. Agnel's C.Rodrigues College of Engineering 17/03/2023 Progressive Books 80.00 2044 dt 23.07.92   3732 17/03/2023 80.00 23/07/1992 BOOK